[Event "Tashkent Grushevskiy Memorial"]
[Site "Tashkent"]
[Date "2025.07.18"]
[Round "3"]
[White "Dumanuly, Sultanbeibarys"]
[Black "Tologontegin, Semetey"]
[Result "0-1"]
[WhiteElo "2212"]
[BlackElo "2330"]
[PlyCount "70"]
[EventDate "2025.07.17"]
[EventType "tourn"]
[EventRounds "9"]
[EventCountry "UZB"]
[SourceTitle "CB30_2025"]
[SourceDate "2025.07.23"]
[SourceVersion "1"]
[SourceVersionDate "2025.07.23"]
[SourceQuality "1"]

1. e4 e6 2. d4 d5 3. Nd2 Be7 4. Ngf3 Nf6 5. Bd3 c5 6. e5 Nfd7 7. c3 Nc6 8. 0-0 a5 9. a4 cxd4 10. cxd4 Nb4 11. Bb1 b6 12. Re1 Ba6 13. Nf1 Rc8 14. Ng3 h6 15. Nh5 Bf8 16. Ra3 Nb8 17. Rc3 N8c6 18. Qd2 Qe7 19. Qf4 Kd8 20. b3 Kc7 21. Ba3 Kb7 22. Rec1 g6 23. Nf6 Bg7 24. h4 g5 25. hxg5 hxg5 26. Nxg5 Bh6 27. Rg3 Nd3 28. Bxd3 Qxa3 29. Bxa6+ Kxa6 30. Rd1 Bxg5 31. Qxg5 Nxd4 32. Qg4 Qb2 33. Re3 Rc1 34. g3 Qd2 35. Ree1 Rxd1 0-1

[Event "Aktobe Dvorkovich op-B"]
[Site "Aktobe"]
[Date "2025.06.28"]
[Round "7"]
[White "Dumanuly, Sultanbeibarys"]
[Black "Galymbek, Alikhan"]
[Result "1-0"]
[WhiteElo "2212"]
[BlackElo "2118"]
[PlyCount "141"]
[EventDate "2025.06.22"]
[EventType "swiss"]
[EventRounds "9"]
[EventCountry "KAZ"]
[SourceTitle "CB27_2025"]
[SourceDate "2025.07.02"]
[SourceVersion "1"]
[SourceVersionDate "2025.07.02"]
[SourceQuality "1"]

1. e4 c5 2. Nc3 e6 3. Nf3 Nc6 4. Bb5 Nd4 5. 0-0 a6 6. Bd3 Nc6 7. e5 d5 8. exd6 Bxd6 9. Ne4 Nf6 10. b3 0-0 11. Bb2 e5 12. Qe2 Re8 13. Rfe1 Bg4 14. Nxf6+ Qxf6 15. Qe4 Bxf3 16. Qxh7+ Kf8 17. gxf3 Nd4 18. Bxd4 cxd4 19. Qf5 Qh6 20. Bc4 Re7 21. Re4 b5 22. Bd5 Rd8 23. c4 Bb8 24. Rae1 g6 25. Qf6 Rd6 26. Qh4 g5 27. Qg4 Rd8 28. h4 f6 29. hxg5 fxg5 30. Qf5+ Ke8 31. Rxd4 Rh7 32. Kf1 Qh3+ 33. Qxh3 Rxh3 34. Kg2 Kf8 35. Rg4 Rh5 36. Rh1 Rxh1 37. Kxh1 bxc4 38. bxc4 Ke7 39. Rxg5 Rh8+ 40. Kg2 Bd6 41. Rg7+ Kf6 42. Ra7 Kg5 43. Rxa6 Bc5 44. Be4 Rg8 45. Kf1 Bd4 46. Ke2 Kh5 47. Kf1 Rb8 48. a4 Rb2 49. Ke1 Rb4 50. Bd5 Rb1+ 51. Ke2 Rb2 52. Bf7+ Kg5 53. Rd6 Ra2 54. Be8 Kf4 55. Bb5 Ra3 56. Rf6+ Kg5 57. Rf7 Ra2 58. f4+ exf4 59. f3 Be3 60. Rd7 Kh4 61. a5 Kg3 62. a6 Kg2 63. Rd5 Rc2 64. Rd6 Ra2 65. Rd7 Kg3 66. Rd5 Rb2 67. Bc6 Rc2 68. Bb7 Kg2 69. Kd1 Ra2 70. dxe3 fxe3 71. Ke1 1-0

[Event "Titled Tuesday intern op 06th May Early"]
[Site "Chess.com INT"]
[Date "2025.05.06"]
[Round "10"]
[White "Dumanuly, Sultanbeibarys"]
[Black "Anciaux, Adrien"]
[Result "0-1"]
[WhiteElo "2117"]
[BlackElo "2207"]
[PlyCount "192"]
[EventDate "2025.05.06"]
[EventType "swiss (blitz)"]
[EventRounds "11"]
[EventCountry "USA"]
[SourceTitle "CB20_2025"]
[SourceDate "2025.05.14"]
[SourceVersion "1"]
[SourceVersionDate "2025.05.14"]
[SourceQuality "1"]

1. e4 d6 2. d4 Nf6 3. Nc3 e5 4. Nf3 Nbd7 5. Be2 Be7 6. 0-0 0-0 7. a4 a5 8. Re1 c6 9. Bf1 Qb6 10. h3 Re8 11. d5 cxd5 12. exd5 Nc5 13. Bb5 Rd8 14. Nd2 Qc7 15. Nc4 Bf5 16. Be3 Bg6 17. Nd2 Nfd7 18. Bxd7 Nxd7 19. Nb5 Qb8 20. Nc4 Ra6 21. b3 f5 22. Bd2 b6 23. Bc1 Nc5 24. Ba3 Be8 25. Bxc5 bxc5 26. Nc3 Bf6 27. Qd2 Qb4 28. Rad1 Bf7 29. Nb5 Qxd2 30. Rxd2 Rd7 31. Rdd1 g5 32. Ne3 Bg6 33. g4 f4 34. Nf5 Bxf5 35. gxf5 e4 36. Rxe4 Be5 37. Kg2 Kf7 38. Kf3 Kf6 39. h4 h6 40. hxg5+ hxg5 41. Rh1 Kxf5 42. Rh5 Ra8 43. Re1 c4 44. Rg1 Rg7 45. Nc7 Rxc7 46. Rgxg5+ Kf6 47. Rf5+ Kg7 48. Rhg5+ Kh8 49. bxc4 Rac8 50. c5 Rxc5 51. Rh5+ Kg8 52. Rhg5+ Bg7 53. Rg6 Rc3+ 54. Kg4 R8c7 55. Rxd6 Rxc2 56. Rd8+ Kh7 57. Rh5+ Kg6 58. Rg5+ Kf7 59. d6 Ra7 60. Rf5+ Ke6 61. Rxf4 Rd2 62. Re4+ Kd5 63. Re7 Bf6 64. Rxa7 Bxd8 65. d7 Kc6 66. f4 Rxd7 67. Ra6+ Kc5 68. f5 Rd6 69. Ra8 Kb4 70. Rb8+ Kxa4 71. Kf4 Bc7 72. Rb7 Rc6+ 73. Ke4 Bd8 74. Kd5 Rb6 75. Rd7 Bf6 76. Rc7 Rb1 77. Ke6 Bb2 78. f6 Rf1 79. f7 Ba3 80. Rc8 Bb4 81. Rd8 Kb3 82. Rd3+ Bc3 83. Rd5 a4 84. Rb5+ Bb4 85. Rd5 a3 86. Rd3+ Bc3 87. Ke7 a2 88. f8Q Rxf8 89. Kxf8 Kc2 90. Rh3 a1Q 91. Rh2+ Bd2 92. Rh7 Qf6+ 93. Rf7 Bb4+ 94. Kg8 Qg6+ 95. Rg7 Qe8+ 96. Kh7 Bc3 0-1

[Event "Almaty zt 3.4"]
[Site "Almaty"]
[Date "2025.04.07"]
[Round "7"]
[White "Yessengali, Adizhan"]
[Black "Dumanuly, Sultanbeibarys"]
[Result "0-1"]
[WhiteElo "2014"]
[BlackElo "2096"]
[PlyCount "58"]
[EventDate "2025.04.02"]
[EventType "swiss"]
[EventRounds "9"]
[EventCountry "KAZ"]
[SourceTitle "CB15_2025"]
[SourceDate "2025.04.09"]
[SourceVersion "1"]
[SourceVersionDate "2025.04.09"]
[SourceQuality "1"]

1. e4 e5 2. Nf3 Nc6 3. Bc4 Bc5 4. c3 Nf6 5. d4 exd4 6. b4 Bb6 7. e5 d5 8. exf6 dxc4 9. Qe2+ Be6 10. b5 d3 11. Qe4 Nb4 12. 0-0 Nc2 13. fxg7 Rg8 14. Bg5 Qd5 15. Qxh7 Kd7 16. Nbd2 Bf5 17. Qh6 Rae8 18. Rad1 Kc8 19. Bf6 Bg4 20. Qh4 Qf5 21. h3 Bxf3 22. gxf3 Kb8 23. Kg2 Bc5 24. Ne4 Bf8 25. Qg3 Bxg7 26. Bxg7 Re6 27. Kh2 Rg6 28. Qe5 Rg2+ 29. Kxg2 Qxe5 0-1

[Event "Almaty zt 3.4"]
[Site "Almaty"]
[Date "2025.04.05"]
[Round "4"]
[White "Dumanuly, Sultanbeibarys"]
[Black "Tillyaev, Ulugbek"]
[Result "1/2-1/2"]
[WhiteElo "2096"]
[BlackElo "2311"]
[PlyCount "116"]
[EventDate "2025.04.02"]
[EventType "swiss"]
[EventRounds "9"]
[EventCountry "KAZ"]
[SourceTitle "CB15_2025"]
[SourceDate "2025.04.09"]
[SourceVersion "1"]
[SourceVersionDate "2025.04.09"]
[SourceQuality "1"]

1. e4 c6 2. d4 g6 3. Nc3 Bg7 4. Nf3 d5 5. h3 dxe4 6. Nxe4 Nf6 7. Bd3 Nxe4 8. Bxe4 Bf5 9. Bxf5 Qa5+ 10. c3 Qxf5 11. 0-0 Nd7 12. Re1 e6 13. a4 0-0 14. Qb3 b6 15. a5 b5 16. a6 Rab8 17. Be3 Nb6 18. Ne5 Rfc8 19. Rad1 Rc7 20. Nd3 Nd5 21. c4 Nxe3 22. fxe3 Rb6 23. c5 Rb8 24. Nb4 Rd8 25. Rf1 Qg5 26. Rf3 Re8 27. e4 Rd8 28. e5 Qh4 29. Qe3 Bh6 30. Qf2 Qe4 31. Rfd3 Rdd7 32. Re1 Qf4 33. Qxf4 Bxf4 34. g3 Bg5 35. Na2 f5 36. Kf2 Rc8 37. Nb4 Kf7 38. Red1 Rdd8 39. Ke2 Rf8 40. Rf3 Ke8 41. Nc2 Kd7 42. Na1 Rce8 43. Nb3 Bd8 44. Rdf1 h5 45. Nc1 Rh8 46. Nd3 Be7 47. h4 Rhg8 48. Nf4 Bf8 49. Nh3 Bh6 50. Ng5 Ke7 51. b4 Rd8 52. Rf4 Rd5 53. Ke3 Rgd8 54. Rh1 Bg7 55. Nf3 Bh6 56. Ng5 Bg7 57. Nf3 Bh6 58. Ng5 Bg7 1/2-1/2

[Event "Titled Tuesday intern op 11th Mar Early"]
[Site "Chess.com INT"]
[Date "2025.03.11"]
[Round "10"]
[White "Sanchez Enriquez, Oscar Gerardo"]
[Black "Dumanuly, Sultanbeibarys"]
[Result "1-0"]
[WhiteElo "2324"]
[BlackElo "2173"]
[PlyCount "101"]
[EventDate "2025.03.11"]
[EventType "swiss (blitz)"]
[EventRounds "11"]
[EventCountry "USA"]
[SourceTitle "CB12_2025"]
[SourceDate "2025.03.19"]
[SourceVersion "1"]
[SourceVersionDate "2025.03.19"]
[SourceQuality "1"]

1. e4 e5 2. Nf3 Nc6 3. Bb5 a6 4. Ba4 Nf6 5. 0-0 Be7 6. Re1 b5 7. Bb3 0-0 8. h3 Bb7 9. d3 d5 10. exd5 Nxd5 11. Nxe5 Nxe5 12. Rxe5 Qd6 13. d4 Bf6 14. Re1 Nf4 15. Bxf4 Qxf4 16. c3 Rfe8 17. Nd2 Qg5 18. Rxe8+ Rxe8 19. Nf3 Qf4 20. a4 Be7 21. Ne5 Rf8 22. axb5 axb5 23. Ra7 Qe4 24. Qg4 Bd6 25. Qxe4 Bxe4 26. f3 Bxe5 27. dxe5 Bd3 28. Rxc7 g5 29. Kf2 Bg6 30. Rd7 Ra8 31. Rd2 Ra1 32. Bd5 Kf8 33. Bc6 Rb1 34. Bxb5 h5 35. Ke3 h4 36. Kd4 Ke7 37. Bd3 Bxd3 38. Kxd3 Ke6 39. Re2 Kf5 40. Kc4 Kf4 41. Re4+ Kg3 42. Rg4+ Kf2 43. b4 Ke3 44. Rxg5 Rc1 45. b5 Kd2 46. Kb4 Rb1+ 47. Kc5 Kxc3 48. Rg4 Re1 49. Re4 Rc1 50. Rc4+ Kb3 51. Rxc1 1-0

[Event "Titled Tuesday intern op 25th Feb Early"]
[Site "Chess.com INT"]
[Date "2025.02.25"]
[Round "1"]
[White "Dumanuly, Sultanbeibarys"]
[Black "Shandrygin, Nikita"]
[Result "1-0"]
[WhiteElo "2173"]
[BlackElo "2209"]
[PlyCount "141"]
[EventDate "2025.02.25"]
[EventType "swiss (blitz)"]
[EventRounds "11"]
[EventCountry "USA"]
[SourceTitle "CB10_2025"]
[SourceDate "2025.03.05"]
[SourceVersion "1"]
[SourceVersionDate "2025.03.05"]
[SourceQuality "1"]

1. e4 c5 2. Nf3 e6 3. d4 cxd4 4. Nxd4 Nf6 5. Nc3 Nc6 6. Ndb5 Bb4 7. a3 Bxc3+ 8. Nxc3 d5 9. exd5 exd5 10. Bd3 0-0 11. 0-0 Bg4 12. f3 Be6 13. Kh1 h6 14. Bf4 d4 15. Nb5 Nd5 16. Bg3 Ne3 17. Qe2 Nxf1 18. Rxf1 Qd7 19. Qe4 f5 20. Qf4 g5 21. Qc7 f4 22. Bf2 Rad8 23. Re1 Bf7 24. Be4 Rfe8 25. Rd1 a6 26. Qxd7 Rxd7 27. Nxd4 Red8 28. c3 Nxd4 29. Bxd4 Re8 30. h4 Bb3 31. Rd2 Kf7 32. h5 Kg8 33. Kh2 Bf7 34. g4 fxg3+ 35. Kxg3 Rf8 36. Kg4 Be6+ 37. Kg3 Bf7 38. b4 Bd5 39. Re2 Bxe4 40. Rxe4 Kf7 41. f4 Re8 42. Rxe8 Kxe8 43. fxg5 hxg5 44. Kg4 Rd5 45. h6 Rd7 46. Kxg5 Kf8 47. Kg6 Kg8 48. a4 b5 49. a5 Rd6+ 50. Bf6 Rd7 51. Kf5 Rf7 52. Ke6 Rc7 53. Kd6 Rc4 54. Kd5 Kh7 55. Bg7 Rc8 56. Bf6 Rc4 57. Bd4 Kxh6 58. Bc5 Rxc3 59. Kc6 Kg6 60. Kb6 Kf5 61. Kxa6 Ke6 62. Kb7 Kd7 63. a6 Rf3 64. a7 Rf7 65. a8Q Ke6+ 66. Kb6 Rd7 67. Qc6+ Kf7 68. Qxd7+ Kg8 69. Qxb5 Kh8 70. Qd7 Kg8 71. Qe7 1-0

[Event "Titled Tuesday intern op 25th Feb Early"]
[Site "Chess.com INT"]
[Date "2025.02.25"]
[Round "7"]
[White "Potawad, Anirudhha"]
[Black "Dumanuly, Sultanbeibarys"]
[Result "1-0"]
[WhiteElo "2306"]
[BlackElo "2173"]
[PlyCount "61"]
[EventDate "2025.02.25"]
[EventType "swiss (blitz)"]
[EventRounds "11"]
[EventCountry "USA"]
[SourceTitle "CB10_2025"]
[SourceDate "2025.03.05"]
[SourceVersion "1"]
[SourceVersionDate "2025.03.05"]
[SourceQuality "1"]

1. e4 c5 2. Nc3 Nc6 3. Bb5 g6 4. Bxc6 bxc6 5. f4 Bg7 6. Nf3 d5 7. d3 Nf6 8. Qe2 0-0 9. 0-0 c4 10. dxc4 Ba6 11. Rd1 Bxc4 12. Qe1 Qb6+ 13. Be3 Qxb2 14. Rab1 Qa3 15. e5 Ng4 16. h3 Nxe3 17. Qxe3 e6 18. Nxd5 Qxa2 19. Ne7+ Kh8 20. Ra1 Qxc2 21. Nd4 Qb2 22. Rdb1 Rfb8 23. Rxb2 Rxb2 24. Ndxc6 Bb5 25. Rxa7 Re8 26. Qa3 Rb1+ 27. Kh2 Bf8 28. Ra8 Bxc6 29. Rxe8 Bxe8 30. Nxg6+ hxg6 31. Qxf8+ 1-0

[Event "Titled Tuesday intern op 25th Feb Early"]
[Site "Chess.com INT"]
[Date "2025.02.25"]
[Round "11"]
[White "Schoorl, Rob"]
[Black "Dumanuly, Sultanbeibarys"]
[Result "1/2-1/2"]
[WhiteElo "2273"]
[BlackElo "2173"]
[PlyCount "155"]
[EventDate "2025.02.25"]
[EventType "swiss (blitz)"]
[EventRounds "11"]
[EventCountry "USA"]
[SourceTitle "CB10_2025"]
[SourceDate "2025.03.05"]
[SourceVersion "1"]
[SourceVersionDate "2025.03.05"]
[SourceQuality "1"]

1. Nf3 d5 2. c4 c6 3. e3 Nf6 4. Nc3 g6 5. d4 Bg7 6. Bd3 0-0 7. 0-0 Bg4 8. h3 Bxf3 9. Qxf3 e6 10. b3 Re8 11. Bb2 a6 12. Rad1 Nbd7 13. e4 dxe4 14. Nxe4 Nxe4 15. Qxe4 a5 16. Rfe1 a4 17. Bb1 Qc7 18. Qe2 axb3 19. axb3 h5 20. Rd2 Qf4 21. Red1 h4 22. Be4 Ra5 23. Bf3 Rg5 24. Rd3 Bf8 25. Bc1 Qf6 26. Bxg5 Qxg5 27. d5 Ne5 28. Re3 exd5 29. cxd5 Bc5 30. Re4 Kg7 31. dxc6 bxc6 32. Re1 f6 33. Bg4 Rd8 34. Kh1 Rd2 35. f4 Rxe2 36. fxg5 Rxe4 37. gxf6+ Kxf6 38. Rxe4 Bd6 39. Bc8 g5 40. Kg1 c5 41. Kf1 Bc7 42. Ba6 Ba5 43. Bc4 Bc3 44. Re2 Bd4 45. Ra2 Ng6 46. Ke2 Nf4+ 47. Kf3 Kf5 48. Ra6 Ke5 49. Ra8 Bc3 50. Re8+ Kf5 51. Rf8+ Ke5 52. Bf1 Bd2 53. Kg4 Nd5 54. Re8+ Kd4 55. Bc4 Ne3+ 56. Kf3 Nxc4 57. Re4+ Kd3 58. bxc4 Be3 59. Rg4 Bf4 60. Rxf4 gxf4 61. Kxf4 Kxc4 62. g4 hxg3 63. Kxg3 Kd3 64. h4 c4 65. h5 c3 66. h6 c2 67. h7 c1Q 68. h8Q Qg1+ 69. Kf4 Qe3+ 70. Kf5 Qe4+ 71. Kg5 Qe3+ 72. Kg6 Qe4+ 73. Kf7 Qb7+ 74. Kg6 Qg2+ 75. Kf7 Qf3+ 76. Kg8 Qg4+ 77. Qg7 Qxg7+ 78. Kxg7 1/2-1/2

[Event "Titled Tuesday intern op 25th Feb Early"]
[Site "Chess.com INT"]
[Date "2025.02.25"]
[Round "3"]
[White "Wang, Rui"]
[Black "Dumanuly, Sultanbeibarys"]
[Result "0-1"]
[WhiteElo "2382"]
[BlackElo "2173"]
[PlyCount "82"]
[EventDate "2025.02.25"]
[EventType "swiss (blitz)"]
[EventRounds "11"]
[EventCountry "USA"]
[SourceTitle "CB10_2025"]
[SourceDate "2025.03.05"]
[SourceVersion "1"]
[SourceVersionDate "2025.03.05"]
[SourceQuality "1"]

1. e4 a6 2. a4 c5 3. Nf3 e6 4. c3 d5 5. e5 d4 6. Bd3 Bd7 7. Be4 Bc6 8. Bxc6+ Nxc6 9. d3 Nge7 10. 0-0 Ng6 11. Bg5 Qc7 12. Re1 Ncxe5 13. cxd4 Nxf3+ 14. Qxf3 cxd4 15. Nd2 Bb4 16. Rac1 Qd7 17. Re2 Bxd2 18. Bxd2 0-0 19. a5 Rfc8 20. Ree1 Rxc1 21. Rxc1 Rc8 22. Rxc8+ Qxc8 23. g3 Qc6 24. Qe2 h5 25. h4 Qc2 26. b4 e5 27. Kf1 e4 28. dxe4 d3 29. Qe1 Ne5 30. Qc1 Qxc1+ 31. Bxc1 Nf3 32. Be3 g6 33. Bh6 f6 34. Bf4 Kf7 35. Bc7 Ke6 36. Bb6 Ke5 37. Bd8 f5 38. exf5 gxf5 39. Bb6 Kd5 40. Bc5 Kc4 41. Be7 Kc3 0-1

[Event "Titled Tuesday intern op 11th Feb Early"]
[Site "Chess.com INT"]
[Date "2025.02.11"]
[Round "9"]
[White "Araujo Filho, Luiz Antonio"]
[Black "Dumanuly, Sultanbeibarys"]
[Result "0-1"]
[WhiteElo "2077"]
[BlackElo "2173"]
[PlyCount "60"]
[EventDate "2025.02.11"]
[EventType "swiss (blitz)"]
[EventRounds "11"]
[EventCountry "USA"]
[SourceTitle "CB08_2025"]
[SourceDate "2025.02.19"]
[SourceVersion "1"]
[SourceVersionDate "2025.02.19"]
[SourceQuality "1"]

1. d4 Nf6 2. Nf3 e6 3. e3 c5 4. Bd3 Nc6 5. Nbd2 cxd4 6. exd4 d5 7. c3 Bd6 8. Qe2 0-0 9. 0-0 a6 10. Re1 Re8 11. Ne5 Qc7 12. Ndf3 b5 13. Ng5 Rf8 14. Nxh7 Bxe5 15. dxe5 Nxh7 16. Bxh7+ Kxh7 17. Qh5+ Kg8 18. Re3 f6 19. Rh3 Qxe5 20. Qh7+ Kf7 21. Bh6 Rg8 22. Rg3 f5 23. Qg6+ Ke7 24. Bg5+ Kf8 25. Re3 Qd6 26. Rae1 Ne7 27. Qh7 Bd7 28. g4 f4 29. Re5 Kf7 30. Bxf4 Rae8 0-1

[Event "Titled Tuesday intern op 04th Feb Early"]
[Site "Chess.com INT"]
[Date "2025.02.04"]
[Round "3"]
[White "Hrabinska, Myroslava"]
[Black "Dumanuly, Sultanbeibarys"]
[Result "0-1"]
[WhiteElo "2130"]
[BlackElo "2173"]
[PlyCount "102"]
[EventDate "2025.02.04"]
[EventType "swiss (blitz)"]
[EventRounds "11"]
[EventCountry "USA"]
[SourceTitle "CB07_2025"]
[SourceDate "2025.02.12"]
[SourceVersion "1"]
[SourceVersionDate "2025.02.12"]
[SourceQuality "1"]

1. e4 c5 2. b4 b6 3. bxc5 bxc5 4. Nc3 Nc6 5. Rb1 g6 6. Nf3 Bg7 7. Bc4 e6 8. 0-0 Nge7 9. Re1 0-0 10. e5 Nf5 11. d3 d5 12. Bb5 Ncd4 13. Nxd4 cxd4 14. Na4 Rb8 15. Ba3 Qa5 16. Bxf8 Bxf8 17. Bc6 Rxb1 18. Qxb1 Ne7 19. Be8 Qd8 20. Qb5 a6 21. Bxf7+ Kxf7 22. Qb8 Nc6 23. Qb1 Qa5 24. Nb6 Bb7 25. f4 Bb4 26. Rf1 Qxb6 27. Qd1 Ne7 28. Qg4 Nf5 29. Qh3 Kg7 30. g4 Ne3 31. Rb1 Qc5 32. f5 Qxc2 33. Rxb4 Qd1+ 34. Kf2 Qd2+ 35. Kf3 Qxb4 36. f6+ Kf8 37. Qh6+ Ke8 38. Qg7 Qf8 39. Qxb7 h5 40. Qc8+ Kf7 41. Qd7+ Kg8 42. Qxe6+ Qf7 43. Qc8+ Kh7 44. Qxa6 hxg4+ 45. Kg3 Kh6 46. Qc8 Nf5+ 47. Kxg4 Ne3+ 48. Kf3 Kg5 49. h4+ Kxh4 50. Kf4 g5+ 51. Kf3 g4+ 0-1

[Event "Titled Tuesday intern op 28th Jan Early"]
[Site "Chess.com INT"]
[Date "2025.01.28"]
[Round "6"]
[White "Dumanuly, Sultanbeibarys"]
[Black "Fuentes, Agustin"]
[Result "1-0"]
[WhiteElo "2252"]
[BlackElo "2088"]
[PlyCount "53"]
[EventDate "2025.01.28"]
[EventType "swiss (blitz)"]
[EventRounds "11"]
[EventCountry "USA"]
[SourceTitle "CB06_2025"]
[SourceDate "2025.02.05"]
[SourceVersion "1"]
[SourceVersionDate "2025.02.05"]
[SourceQuality "1"]

1. e4 e5 2. Nf3 Nc6 3. Bb5 a6 4. Ba4 Nf6 5. d4 exd4 6. 0-0 Nxe4 7. Re1 d5 8. Nxd4 Qf6 9. Nxc6 bxc6 10. f3 Bc5+ 11. Kh1 0-0 12. fxe4 Qf2 13. Rf1 Qh4 14. Bf4 Bg4 15. Qe1 Qh5 16. Nc3 Rab8 17. Bb3 d4 18. Nd1 a5 19. a4 Bb4 20. Qg3 Be6 21. Be5 Qh6 22. Bxe6 fxe6 23. Nf2 Bd6 24. Bxd6 cxd6 25. Qxd6 Rxb2 26. Qxf8+ Kxf8 27. Ng4+ 1-0

[Event "Titled Tuesday intern op 28th Jan Early"]
[Site "Chess.com INT"]
[Date "2025.01.28"]
[Round "9"]
[White "Dumanuly, Sultanbeibarys"]
[Black "Gelman, Alexander"]
[Result "1-0"]
[WhiteElo "2252"]
[BlackElo "2403"]
[PlyCount "111"]
[EventDate "2025.01.28"]
[EventType "swiss (blitz)"]
[EventRounds "11"]
[EventCountry "USA"]
[SourceTitle "CB06_2025"]
[SourceDate "2025.02.05"]
[SourceVersion "1"]
[SourceVersionDate "2025.02.05"]
[SourceQuality "1"]

1. e4 c5 2. Nf3 e6 3. d4 cxd4 4. Nxd4 a6 5. g3 d6 6. Bg2 Nf6 7. 0-0 Be7 8. c4 Qc7 9. Nc3 0-0 10. Be3 Nbd7 11. Rc1 Ne5 12. b3 Bd7 13. Kh1 Neg4 14. Bd2 Qc5 15. Be1 Rac8 16. h3 Ne5 17. f4 Ng6 18. Bf2 Qa5 19. Be3 b5 20. Qd3 bxc4 21. bxc4 h5 22. Nce2 Rfd8 23. Bd2 Qc7 24. Qf3 Rb8 25. Nb3 Rdc8 26. Ned4 Qd8 27. Ba5 Qe8 28. Qe3 Nh7 29. e5 dxe5 30. fxe5 Bg5 31. Qe2 Bxc1 32. Rxc1 h4 33. c5 Bb5 34. Nxb5 Rxb5 35. c6 hxg3 36. c7 Nf4 37. Qe4 Nxg2 38. Kxg2 Ng5 39. Qc6 Qxc6+ 40. Rxc6 Rxe5 41. Rd6 Rxa5 42. Rd8+ Kh7 43. Rxc8 Rxa2+ 44. Kxg3 Rc2 45. Nd4 Rc3+ 46. Kf4 f6 47. Kg4 Rc4 48. Kg3 Rc3+ 49. Kg2 a5 50. Nb5 Rc2+ 51. Kf1 a4 52. Rd8 a3 53. c8Q Rb2 54. Qa8 a2 55. Nc3 f5 56. Nxa2 1-0